Welcome to the Holygrace Academy Library

Please use search bar below to get started

CRICKET QUIZ (Record no. 1045)

MARC details
000 -LEADER
fixed length control field 00297nam a22001457a 4500
082 ## - DEWEY DECIMAL CLASSIFICATION NUMBER
Classification number 001
Item number KOH/K
100 ## - MAIN ENTRY--AUTHOR NAME
Personal name N MOHAN
245 ## - TITLE STATEMENT
Title CRICKET QUIZ
Remainder of title QUIZ
246 ## - VARYING FORM OF TITLE
Title proper/short title CRICKET QUIZ
Remainder of title QUIZ
250 ## - EDITION STATEMENT
Edition statement 2003
260 ## - PUBLICATION, DISTRIBUTION, ETC. (IMPRINT)
Place of publication ALUVA
Name of publisher PEN BOOKS LTD
Year of publication 2003
300 ## - PHYSICAL DESCRIPTION
Number of Pages 32
520 ## - SUMMARY, ETC.
Summary, etc QUIZ
942 ## - ADDED ENTRY ELEMENTS (KOHA)
Koha item type Books
Holdings
Withdrawn status Lost status Collection code Home library Current library Shelving location Date acquired Source of acquisition Cost, normal purchase price Full call number Accession Number Koha item type
    Non-fiction Main Library Main Library SHELF 6 B MALAYALAM QUIZ,RIDDLES,HUMOUR,PAZHAMCHOLLUKAL 22/07/2019 Purchase 30.00 001 KOH/K 11453 Books